Perayaan sempena Ulang Tahun Hari Keputeraan Kebawah Duli Yang Maha Mulia Al-Sultan Kelantan Yang Ke-50

Bibliographic Details
Other Authors: Ismail Petra, , Sultan of Kelantan, , 1949-
Format: Book
Language:Malay
Published: Kelantan : [publisher not identified] 2000
Subjects:

MARC

LEADER 00000cam a2200000 7i4500
001 0000028602
005 20241125.0
008 190820 my a may
040 |a INS   |b eng   |e rda 
090 0 0 |a RDS597.215.T465   |b P47 1999 
245 0 0 |a Perayaan sempena Ulang Tahun Hari Keputeraan Kebawah Duli Yang Maha Mulia Al-Sultan Kelantan Yang Ke-50 
246 3 0 |a On The Royal Occasion of The 50th Birthday Celebration of HRH The Sultan Of Kelantan 
264 1 |a Kelantan :   |b [publisher not identified]   |c 2000 
300 |a various paging :   |b colour photographs, colour illustrations ;   |c 21 pages. 
336 |a text  |2 rdacontent 
337 |a unmediated  |2 rdamedia 
338 |a volume  |2 rdacarrier 
610 1 0 |a Tengku Ismail Petra Ibni Almarhum Sultan Yahya Petra, Sultan of Kelantan   |v Biography 
650 0 |a Kelantan   |x Kings and rulers   |v Biography 
700 0 |a Ismail Petra, ,   |c Sultan of Kelantan, ,   |d 1949- 
999 |a 0000023102   |b BOOK   |c Red Spot   |e Default branch